000 00568nam a2200229Ia 4500
003 OSt
005 20220924150852.0
006 a|||||r|||| 00| 0
007 ta
008 220923b |||||||| |||| 00| 0 tel d
024 _a335060
037 _cTextual
040 _aARTS
_cARTS
_btel
041 _2tel
_atel
082 _aO35,3MCH,1, H4
100 _aRao Chandrasekhara
_9223136
245 0 _aAkali
260 _c1944
650 _aTELUGU FICTION
942 _hO35,3MCH,1, H4
_cTEXL
_2CC
999 _c464857
_d464857